000
00302nam a2200133Ia 4500
005
20260328101506.0
008
260328s9999||||xx |||||||||||||| ||und||
100
_a
Bill, Max
245
0
_a
Robert Maillart /
_c
Max Bill
260
_b
Girsberger
300
_a
184 p.
650
_a
ARQUITECTOS
942
_c
BK
999
_c
9032
_d
9032